000 00561nam a2200169Ia 4500
005 20250508160032.0
008 008 250505s9999 xx 000 0 eng d
037 _aBooks to be hide in OPAC
040 _aFEDL
_beng
_cFEDL
041 _aeng
_2eng
084 _a379.549, HYD/O
_qFEDL
245 0 _aReport on the public instruction in H.E.H the nizam's dominions for the year 1326 fasli 1916-1917 A.D
260 _aHyderabad, India
_bThe Central Jail Press
_c1919
300 _a54p.
942 _cHB
_h379.549, HYD/O
999 _c1361277
_d1361277